Szczegóły MARC21

Sozologia systemowa. T. 6, Noosfera : człowiek i jego środowisko w aspekcie przyrodniczym, filozoficznym i teologicznym /

003 -Nazwa inst., której nr kontr. jest w polu 001 [,]
    • @
    • Nazwa instytucji, której n kontrolny jest w polu 001
    • NUKAT
005 -DATA I CZAS OSTATNIEJ MODYFIKACJI [,]
    • @
    • pole kontrolne
    • 20241231111749.0
020 -Międzynarod. znormalizowany nr książki - ISBN [ , ]
    • a
    • Numer ISBN
    • 9788372419576 Find
040 -Instytucja sporządzająca opis [ , ]
    • a
    • Instytucja, która sporządziła opis (NP)
    • KR U/sid
    • c
    • Instytucja, która sporządziła rekord (NP)
    • KR U/sid
    • d
    • Instytucja, która zmodyfikowała rekord (P)
    • KR U/GZs
    • d
    • Instytucja, która zmodyfikowała rekord (P)
    • WR 194/JW
041 -Język dokumentu [0, ]
    • a
    • Język tekstu (P)
    • polski
    • a
    • Język tekstu (P)
    • niemiecki
942 -Rodzaj dokumentu [ , ]
    • c
    • Rodzaj dokumentu
    • Książka
245 -Strefa tytułu i oznaczenia odpowiedzialności [0,0]
    • a
    • Tytuł
    • Sozologia systemowa. Find
    • n
    • Oznaczenie części (P)
    • T. 6,
    • p
    • Nazwa części (P)
    • Noosfera : człowiek i jego środowisko w aspekcie przyrodniczym, filozoficznym i teologicznym /
    • c
    • Pozostałe elementy strefy tytułu i oznaczenia odpowiedzialności (NP)
    • pod red. Wiesława Dyka.
246 -Wariant tytułu [3,0]
    • a
    • Tytuł (NP)
    • Noosfera :
    • b
    • Ciąg dalszy tytułu (NP)
    • człowiek i jego środowisko w aspekcie przyrodniczym, filozoficznym i teologicznym
246 -Wariant tytułu [3,0]
    • a
    • Tytuł (NP)
    • Człowiek i jego środowisko w aspekcie przyrodniczym, filozoficznym i teologicznym
260 -Strefa adresu wydawniczego [ , ]
    • a
    • Miejsce wydania (P)
    • Szczecin :
    • b
    • Nazwa wydawcy (P)
    • Wydawnictwo Naukowe Uniwersytetu Szczecińskiego,
    • c
    • Data wydania (P)
    • 2014.
300 -Strefa opisu fizycznego [ , ]
    • a
    • Określenie formy książki i/lub objętość (NP)
    • 180 s. :
    • b
    • Oznaczenie ilustracji (NP)
    • il. ;
    • c
    • Format (NP)
    • 24 cm.
336 -Typ zawartości [ , ]
    • a
    • Termin opisujący typ zawartości
    • Tekst
    • b
    • Kod określający zawartość
    • txt
    • 2
    • Źródło (terminu i kodu)
    • rdacontent
337 -Typ mediów [ , ]
    • a
    • Tryb odtwarzania
    • Bez urządzenia pośredniczącego
    • b
    • Kod typu mediów
    • n
    • 2
    • Źródło (terminu i kodu)
    • rdamedia
338 -Typ/rodzaj nośnika [ , ]
    • a
    • Hasło opisujące typ nośnika
    • Wolumin
    • b
    • Kod typu nośnika
    • nc
    • 2
    • Źródło (terminu i kodu)
    • rdacarrier
490 -Strefa serii i książki wielotomowej - forma nie do wyszukiwania [1, ]
    • a
    • Tytuł (P)
    • Rozprawy i Studia / Uniwersytet Szczeciński, Find
    • x
    • ISSN (NP)
    • 0860-2751 ;
    • v
    • Numeracja (P)
    • t. 892
830 -Hasło dodatkowe serii i opisu książki wielotomowej - tytuł ujednolicony/tytuł [ ,0]
    • a
    • Tytuł ujednolicony/tytuł (NP)
    • Rozprawy i Studia - Uniwersytet Szczeciński
    • x
    • ISSN
    • 0860-2751
    • v
    • Oznaczenie tomu (NP)
    • t. 892
    • 9
    • KHW
    • 700
500 -Uwaga ogólna [ , ]
    • a
    • Uwaga ogólna (NP)
    • Na s. tyt. także t. 966, oznaczający nr kolejny serii Rozprawy i Studia do nru 74. wydawanej przez Wyższą Szkołę Pedagogiczną w Szczecinie.
504 -Uwaga dot. bibliogr. załącznikowej [ , ]
    • a
    • Uwaga dot. bibliografii załącznikowej
    • Bibliogr. przy pracach.
546 -Uwaga dot. języka [ , ]
    • a
    • Uwaga dot. języka
    • Tekst częśc. niem.
080 -Uniwersalna Klasyfikacja Dziesiętna [ , ]
    • 2
    • Identyfikator wydania tablic
    • UDC-P058
    • 9
    • UKD
    • 4765
    • a
    • Symbol klasyfikacji
    • 616.8:159.91
    • b
    • Dopowiedzenie
    • Neuropsychologia.
080 -Uniwersalna Klasyfikacja Dziesiętna [ , ]
    • 2
    • Identyfikator wydania tablic
    • UDC-P058
    • 9
    • UKD
    • 3997
    • a
    • Symbol klasyfikacji
    • 502.2
    • b
    • Dopowiedzenie
    • Środowisko jako całość.
080 -Uniwersalna Klasyfikacja Dziesiętna [ , ]
    • 2
    • Identyfikator wydania tablic
    • UDC-P058
    • 9
    • UKD
    • 4568
    • a
    • Symbol klasyfikacji
    • 612.8
    • b
    • Dopowiedzenie
    • Układ nerwowy. Narządy zmysłów. Neurofizjologia. Odruchy psychiczne. Układ nerwowy.
650 -Hasło przedmiotowe [ ,7]
    • a
    • Hasło przedmiotowe
    • Neuropsychologia.
    • 2
    • Źródło terminu
    • kaba
    • 9
    • KHW
    • 121066
650 -Hasło przedmiotowe [ ,7]
    • a
    • Hasło przedmiotowe
    • Religia i nauka.
    • 2
    • Źródło terminu
    • kaba
    • 9
    • KHW
    • 127724
650 -Hasło przedmiotowe [ ,7]
    • a
    • Hasło przedmiotowe
    • Świadomość.
    • 2
    • Źródło terminu
    • kaba
    • 9
    • KHW
    • 140718
980 -Symbol UKD [ , ]
    • a
    • UKD
    • 502.2:612.8:616.8:159.91
700 -Hasło dodatkowe - nazwa osobowa [1, ]
    • a
    • Nazwa osobowa (NP)
    • Dyk, Wiesław Find
    • d
    • Daty biograficzne (NP)
    • (1952- ).
    • e
    • Określenie rodzaju współpracy
    • Red.
    • 9
    • KHW
    • 11465
710 -Hasło dodatkowe - nazwa ciała zbiorowego [2, ]
    • a
    • Nazwa ciała zbiorowego lub nazwa geograficzna jako pierwszy element (NP)
    • Uniwersytet Szczeciński.
    • b
    • Nazwa jednostki podrzędnej (P)
    • Wydawnictwo Naukowe.
    • 4
    • Kod relacji
    • pbl
    • 9
    • KHW
    • 51208
920 -ISBN [ , ]
    • a
    • ISBN
    • 978-83-7241-957-6 Find
Data inwentaryzacji Lokalizacja Status udost. Numer inwentarzowy
2014-06-24BG1Z.118743
2014-06-24BNS1H.25999